| 000 | 004400000a22001810004500 | ||
|---|---|---|---|
| 003 | LK-CoMWRAF | ||
| 008 | 230817t ||||| |||| 00| 0 eng d | ||
| 020 | _a9559318047 | ||
| 040 |
_aLK-CoMWRAF _dLK-CoMWRAF _eLK-CoMWRAF |
||
| 041 | _aeng | ||
| 082 |
_a021 _bJAY |
||
| 100 | _aJayakody, Soma | ||
| 245 |
_aNile nathy thera theviyan miyathey _b |
||
| 260 |
_aColombo _bVoice Women _c |
||
| 300 | _ap.160 | ||
| 650 | _afiction | ||
| 942 | _cBK | ||
| 999 |
_c3021 _d3021 |
||